000 00634nam a22001937a 4500
005 20180507104345.0
010 _aENG-122452
020 _a9788171393152
_c700.00
035 _aEN-105984
037 _bDBAD/PUB
082 _a320.96
100 _aYadav, Surya Narain
245 _aAfrican politics and government :
_cby Surya Narain Yadav
_bPost-cold war challenges
260 _aNew Delhi
_bJnanada Prakashan (P&D)
_c2016
270 _a4837/2, 24, Ansari Road, Daryaganj,
_bNew Delhi
_e110002
300 _a385p.
_bill.
_c21cm(Hb)
500 _aIncludes bibliography [and] index
942 _2ddc
_cEN
_mYAD
_h320.96
999 _c150670
_d150670